Truyện ngắn Việt Nam thế kỷ XX : Giai đoạn 1946 - 1975. t.III /
保存先:
| フォーマット: | Sách giấy |
|---|---|
| 言語: | Vietnamese |
| 出版事項: |
H. :
Kim Đồng,
2002
|
| シリーズ: | Tủ sách tác phẩm
|
| 主題: | |
| タグ: |
タグ追加
タグなし, このレコードへの初めてのタグを付けませんか!
|
| Thư viện lưu trữ: | Thư viện Trường Đại học Đà Lạt |
|---|
| LEADER | 00966nam a2200349 4500 | ||
|---|---|---|---|
| 001 | DLU030024849 | ||
| 005 | ##20030728 | ||
| 008 | ##030728t vn z000 vie d | ||
| 040 | # | # | |a DLU |b vie |
| 041 | # | # | |a vie |
| 044 | # | # | |a vn |
| 082 | # | # | |a 895.922 3 |b Tru |
| 245 | # | # | |a Truyện ngắn Việt Nam thế kỷ XX : |b Giai đoạn 1946 - 1975. |n t.III / |c Trung Trung Đỉnh, ... [và những người khác] biên soạn |
| 260 | # | # | |a H. : |b Kim Đồng, |c 2002 |
| 300 | # | # | |a 994 tr. ; |c 24 cm |
| 300 | # | # | |a 994 tr. ; |c 25 cm |
| 490 | # | # | |a Tủ sách tác phẩm |
| 653 | # | # | |a Giai đoạn 1946-1975 |
| 653 | # | # | |a Sưu tập văn học |
| 653 | # | # | |a Truyện ngắn |
| 653 | # | # | |a Văn học hiện đại |
| 653 | # | # | |a Văn học Việt Nam |
| 992 | # | # | |a 119000 |
| 994 | # | # | |a DLU |
| 900 | # | # | |a True |
| 911 | # | # | |a Nguyễn An Thanh |
| 925 | # | # | |a G |
| 926 | # | # | |a A |
| 927 | # | # | |a SH |
| 980 | # | # | |a Thư viện Trường Đại học Đà Lạt |